000 00409nam a2200145Ia 4500
008 240729s9999 xx 000 0 und d
022 _a2717-3232
245 0 _aDisease and Diagnosis
260 _aIran, Islamic Republic of
260 _bHormozgan University of Medical Sciences
650 _aMedicine
856 _uhttps://doaj.org/toc/4f88c28494514f0ea52cab9eae51ff0f
942 _2ddc
942 _cDOAJEJ
999 _c65672
_d65672
945 _a1
_bMadushi Gamage
_c1
_dMadushi Gamage